000 00653nam a22001937a 4500
005 20260602124855.0
010 _aENG-148695
020 _a8189537725
_c995.00
035 _aEN-132227
037 _bDBAD/PUB
082 _aS
245 _aDr. Rasheed Jahan:
_cTranslated by Attia Abid [and] Foreward by Namita Singh
_bSelected Short Stories & Plays/
260 _aDelhi
_bYash Publications
_c2010
270 _aX/909, Chand Mohalla, Gandhi Nagar,
_bDelhi
_k9899938522, 9910189445
_e110031
_myash_publication@hotmail.com
300 _a352 p.
_c22 cm(hb)
700 _aAbid, Attia.
_980840
700 _aSingh, Namita.
_989260
942 _2ddc
_cEN
_hS
_mRAS
999 _c216455
_d216455